000 00321nam a2200133Ia 4500
008 200103s9999||||xx |||||||||||||| ||und||
040 _aIMU-MPC
082 _aColumn-23
100 _aThompson, J. E.
245 2 _aA manual of the slide rule
260 _bD. Van Nostrand Company
_c1951
300 _avii, 220
942 _cBK
999 _c6823
_d6823